El IVA en la construcción sobre inmueble propio y los anticipos y/o señas que congelan precio (Registro nro. 35026)

Detalles MARC
000 -LEADER
fixed length control field 00392 a2200121 4500
001 - CONTROL NUMBER
control field ART_49457
005 - DATE AND TIME OF LATEST TRANSACTION
control field 20260410162042.0
008 - FIXED-LENGTH DATA ELEMENTS--GENERAL INFORMATION
fixed length control field 260409a
100 1# - MAIN ENTRY--PERSONAL NAME
Personal name Reynoso, Julio C.
245 10 - TITLE STATEMENT
Title El IVA en la construcción sobre inmueble propio y los anticipos y/o señas que congelan precio
700 1# - ADDED ENTRY--PERSONAL NAME
Personal name Stok, Leandro
773 0# - HOST ITEM ENTRY
Title Impuestos
Related parts - N°55 (jul. 2019)
Record control number REV45175

No hay ítems disponibles.